<?xml version="1.0" encoding="utf-8"?>
<?xml-stylesheet type='text/xsl' href='./oai2.xsl'?>
<OAI-PMH xmlns="http://www.openarchives.org/OAI/2.0/" xmlns:xsi="http://www.w3.org/2001/XMLSchema-instance" xsi:schemaLocation="http://www.openarchives.org/OAI/2.0/ http://www.openarchives.org/OAI/2.0/OAI-PMH.xsd">
  <responseDate>2026-06-07T00:59:12Z</responseDate>
  <request verb="GetRecord" metadataPrefix="marcxml" identifier="record_kuniweb_1295082">https://kulturerbe.niedersachsen.de/oai</request>
  <GetRecord>
    <record>
      <header>
        <identifier>record_kuniweb_1295082</identifier>
        <datestamp>2018-08-17T07:05:05Z</datestamp>
        <setSpec>slg0207</setSpec>
      </header>
      <metadata>
        <marc:record xmlns:marc="http://www.loc.gov/MARC21/slim" xsi:schemaLocation="http://www.loc.gov/MARC21/slim http://www.loc.gov/standards/marcxml/schema/MARC21slim.xsd">
          <marc:leader>12345nrm  22     uu 4500</marc:leader>
          <marc:controlfield tag="001">1295082</marc:controlfield>
          <marc:controlfield tag="003">http://kuniweb.gbv.de</marc:controlfield>
          <marc:controlfield tag="005">2018-03-16T10:33:37</marc:controlfield>
          <marc:controlfield tag="008">|           ||||||||||||||||||||||</marc:controlfield>
          <marc:datafield tag="245" ind1="1" ind2="0">
            <marc:subfield code="a">Passionsuhr</marc:subfield>
          </marc:datafield>
          <marc:datafield tag="655" ind1=" " ind2="7">
            <marc:subfield code="a">Malerei</marc:subfield>
          </marc:datafield>
          <marc:datafield tag="046" ind1=" " ind2=" ">
            <marc:subfield code="k">1638</marc:subfield>
            <marc:subfield code="k">1638</marc:subfield>
          </marc:datafield>
          <marc:datafield tag="260" ind1=" " ind2=" ">
            <marc:subfield code="g">1638</marc:subfield>
            <marc:subfield code="g">1638</marc:subfield>
          </marc:datafield>
          <marc:datafield tag="300" ind1=" " ind2=" ">
            <marc:subfield code="a">Höhe: 134 cm
Breite: 134 cm</marc:subfield>
          </marc:datafield>
          <marc:datafield tag="520" ind1=" " ind2=" ">
            <marc:subfield code="a">Auf Holz gemalte Passion Christi. Um eine zentrale, runde Darstellung sind 24 kleinere Darstellungen angeordnet.
In der Mitte Jusus Christus vor einer Weltkugel von "Weltraum" umgeben. Oberhalb Jesu im Norden ein Mond, unter Jesu im Süden die aufgehende Sonne mit 11 Strahlen. Die zentrale Darstellung wird umgrenzt duch ein kreisformiges Ziffernblatt.
Die kleinen Darstellung zeigen den Lebens- und Leidensweg Christi. 
Das Objekt wurde der St. Sixti Kirche von Stadtschreiber Caspar Wulf und seiner Frau Anna Weinkamp gestiftet.
Vollständig beschrieben in Lampe 2016. (Zusammengefast aus Lampe 2016, Nr. 282)

Aufschrift:
HOROLOGIVM . PASSIONALE. IESV CHRI.STI PASSIO: // NOSTRA EST . REDEMPTIO: ..... (Überschrift. Die Einzelfelder sind untertitelt. Siehe Lampe 2016, Nr. 282.)

Verwendungszweck:
Darstellung der Passion Christi

Gebrauchsort:
Northeim (Niedersachsen)

Veröffentlicht in:
J. H. Lampe, „Die Inschriften des Landkreises Northeim. Die deutschen Inschriften ; 96. Band : Göttinger Reihe ; 17. Band“. Dr. Ludwig Reichert Verlag, Wiesbaden, 2016. (Seite 377-383, Nr. 282; Abb. 84-91.)</marc:subfield>
          </marc:datafield>
          <marc:datafield tag="650" ind1="1" ind2=" ">
            <marc:subfield code="a">Passion Jesu</marc:subfield>
          </marc:datafield>
          <marc:datafield tag="650" ind1="1" ind2=" ">
            <marc:subfield code="a">Bildwerk</marc:subfield>
          </marc:datafield>
          <marc:datafield tag="773" ind1="0" ind2=" ">
            <marc:subfield code="t">Stadtgeschichte</marc:subfield>
          </marc:datafield>
          <marc:datafield tag="852" ind1=" " ind2=" ">
            <marc:subfield code="a">Heimatmuseum Northeim</marc:subfield>
          </marc:datafield>
          <marc:datafield tag="" ind1=" " ind2=" ">
            <marc:subfield code="a">Namensnennung 4.0 International (CC BY 4.0)</marc:subfield>
          </marc:datafield>
        </marc:record>
      </metadata>
    </record>
  </GetRecord>
</OAI-PMH>
